NHL - Pittsburgh Penguins' 50 goals club - Statistics

General Stats
  • This quiz has been taken 1,236 times
  • The average score is 11 of 16
Answer Stats
Hint Answer % Correct
2009-10 51 Sidney Crosby
98%
1988-89 85 Mario Lemieux
95%
1987-88 70 Mario Lemieux
95%
1995-96 69 Mario Lemieux
95%
1992-93 69 Mario Lemieux
95%
1986-87 54 Mario Lemieux
95%
1996-97 50 Mario Lemieux
95%
2011-12 50 Evgeni Malkin
94%
1995-96 62 Jaromir Jagr
92%
2000-01 52 Jaromir Jagr
92%
1992-93 55 Kevin Stevens
47%
1991-92 54 Kevin Stevens
47%
1980-81 55 Rick Kehoe
22%
1975-76 52 Jean Pronovost
19%
1975-76 53 Pierre Larouche
19%
1983-84 51 Mike Bullard
16%
No matching quizzes found
Score Distribution
Percent of People with Each Score
Percentile by Number Answered
Your Score History
You have not taken this quiz